[Event "Hastings Masters 2025-26"]
[Site "Hastings ENG"]
[Date "2026.01.02"]
[Round "9.28"]
[White "Clarke, Connor"]
[Black "Sow, MiaoGeng Malcolm"]
[Result "1/2-1/2"]
[WhiteElo "2058"]
[BlackElo "1842"]
[WhiteFideId "457655"]
[BlackFideId "5817501"]
[EventDate "2025.12.28"]

1. d4 Nf6 2. Nc3 e6 3. e4 c5 4. d5 d6 5. dxe6 Bxe6 6. Nge2 d5 7. exd5 Nxd5 8.
Nxd5 Qxd5 9. Qxd5 Bxd5 10. Nc3 Bc6 11. Bg5 Be7 12. Bxe7 Kxe7 13. O-O-O Rd8 14.
Rxd8 Kxd8 15. Bc4 f6 16. Rd1+ Nd7 17. Be6 Kc7 18. Nd5+ Bxd5 19. Rxd5 Nb6 20. Rd1
Re8 21. Bg4 Re7 22. b3 Nc8 23. h4 Nd6 24. Rd5 b6 25. Rd3 Re5 26. c3 Re4 27. f3
Re5 28. Kd2 a5 29. c4 Re7 30. h5 h6 31. Rd5 a4 32. Rd3 axb3 33. axb3 Re5 34. Re3
Rxe3 35. Kxe3 Kd8 36. Be6 Kc7 37. g4 Kb7 38. Kd3 Ka6 39. Bd5 Ka5 40. Kc3 b5 41.
cxb5 Kxb5 42. Be6 Ka5 43. Bg8 Kb5 44. Bd5 Ka5 45. Bc6 Kb6 46. Bd7 Ka5 47. Be6
Kb6 48. Bg8 Ka5 49. Bh7 Kb5 50. Bd3+ Ka5 51. Bf1 Kb6 52. Bg2 Kb5 53. f4 Ka5 54.
Bf3 Kb5 55. Be2+ Ka5 56. Bd3 Kb6 57. Bh7 Kb5 58. Bg8 Ne4+ 59. Kd3 Nd6 60. Ke3
Kb4 61. Kd3 Kb5 62. Bd5 Kb4 63. Be6 Kb5 64. g5 Kb4 65. gxh6 gxh6 66. Bd5 Kb5 67.
Bg8 Kb4 68. Be6 Kb5 69. Kc3 Ne4+ 70. Kd3 Nd6 71. Bg8 Kb4 72. Bd5 Nb5 73. Bg8 Nd6
74. Be6 Kb5 75. Bd7+ Kb4 76. Be6 1/2-1/2

[Event "Hastings Masters 2025-26"]
[Site "Hastings ENG"]
[Date "2026.01.02"]
[Round "9.29"]
[White "Norinkeviciute, Rasa"]
[Black "Barbu, Simon-Alexandru"]
[Result "0-1"]
[WhiteTitle "WFM"]
[WhiteElo "1904"]
[BlackElo "2051"]
[WhiteFideId "12801925"]
[BlackFideId "1257170"]
[EventDate "2025.12.28"]

1. c4 c5 2. Nc3 Nc6 3. g3 g6 4. Bg2 Bg7 5. Nf3 d6 6. d3 e5 7. e4 Nge7 8. O-O h6
9. a3 O-O 10. Rb1 a5 11. Ne1 Be6 12. Nc2 f5 13. Nd5 a4 14. b4 axb3 15. Rxb3 Rb8
16. Bd2 Rf7 17. Qb1 Nc8 18. f4 Kh7 19. Nc3 Na5 20. Rb5 Na7 21. Rb2 N7c6 22. exf5
gxf5 23. Ne3 Nd4 24. Qd1 Ra8 25. Ned5 e4 26. Be1 b5 27. Ra2 exd3 28. cxb5 c4 29.
b6 Bd7 30. a4 Bc6 31. Qh5 Rb7 32. g4 Qe8 33. Qh4 Qg6 34. gxf5 Nxf5 35. Qh3 Re8
36. Kh1 Bd4 37. Bf3 Rg7 38. Rg2 Qf7 39. Rxg7+ Kxg7 40. Qg4+ Kh8 41. Qh3 Nb3 42.
Qg2 d2 43. Bxd2 Nh4 44. Qh3 Nxf3 0-1

[Event "Hastings Masters 2025-26"]
[Site "Hastings ENG"]
[Date "2026.01.02"]
[Round "9.30"]
[White "Siddharth, Gopakumar"]
[Black "Herzwurm, Robert"]
[Result "0-1"]
[WhiteElo "1864"]
[BlackElo "2047"]
[WhiteFideId "5053463"]
[BlackFideId "4668570"]
[EventDate "2025.12.28"]

1. e4 e6 2. d4 d5 3. Nd2 Nf6 4. e5 Nfd7 5. Bd3 c5 6. c3 Nc6 7. Ne2 cxd4 8. cxd4
f6 9. exf6 Nxf6 10. Nf3 Bd6 11. Bf4 Bxf4 12. Nxf4 O-O 13. O-O Ne4 14. Qc1 Ng5
15. Nxg5 Qxg5 16. Ne2 Qf6 17. Qe3 e5 18. dxe5 Nxe5 19. Bc2 Bg4 20. f3 Bh5 21.
Rad1 Rfe8 22. Qf2 Nc4 23. Nc3 Bf7 24. Rfe1 Rxe1+ 25. Qxe1 Qb6+ 26. Qf2 Ne3 27.
Rd2 d4 28. Na4 Qa5 29. b3 Rc8 30. h3 b5 31. Nb2 Qxa2 32. Bd3 Qxb3 33. Qh4 Rc1+
34. Kh2 Qd5 35. Qxh7+ Kf8 36. Qe4 Qxe4 37. fxe4 Bc4 38. Rf2+ Ke7 39. Kg3 Bxd3
40. Nxd3 Rc3 41. Rd2 Nf1+ 0-1

[Event "Hastings Masters 2025-26"]
[Site "Hastings ENG"]
[Date "2026.01.02"]
[Round "9.31"]
[White "Woods, Yannick"]
[Black "Gorskovs, Andrejs"]
[Result "0-1"]
[WhiteElo "2023"]
[BlackElo "1920"]
[WhiteFideId "2518384"]
[BlackFideId "343426751"]
[EventDate "2025.12.28"]

1. d4 Nf6 2. c4 e6 3. Nc3 Bb4 4. a3 Bxc3+ 5. bxc3 Nc6 6. f3 Na5 7. e4 b6 8. Bd3
Ba6 9. Qe2 c5 10. Be3 Rc8 11. d5 exd5 12. exd5 O-O 13. Nh3 Re8 14. Kf2 d6 15.
Ng5 h6 16. h4 Nd7 17. f4 Qe7 18. Rh3 Qf6 19. Ne4 Qe7 20. Ng5 Nf6 21. Rah1 h5 22.
Re1 Ng4+ 23. Kg1 Qd7 24. Qc2 Nxc4 25. Bf5 Nxa3 26. Bh7+ Kf8 27. Qa2 Nc4 28. Qxa6
Rxe3 29. Rhxe3 Ngxe3 30. Bd3 b5 31. f5 Nxd5 32. Ne4 Qc6 33. Qxc6 Rxc6 34. Bxc4
bxc4 35. Rd1 Ne3 36. Rxd6 Rxd6 37. Nxd6 Ke7 38. Nc8+ Kd7 39. Nxa7 Nxf5 40. Nb5
Kc6 41. Na3 Kd5 42. Nc2 Ke4 43. Kf2 Kd3 44. Ne1+ Kxc3 45. Nf3 Kb2 46. Ne5 c3 47.
Nd3+ Kb3 48. Nxc5+ Kc4 49. Nd7 c2 50. Ne5+ Kd4 51. Nf3+ Kc3 52. Ng1 Nd4 53. g4
hxg4 54. h5 c1=Q 55. Ne2+ Nxe2 56. h6 Qf4+ 57. Kg2 Qf3+ 0-1

[Event "Hastings Masters 2025-26"]
[Site "Hastings ENG"]
[Date "2026.01.02"]
[Round "9.32"]
[White "Eldridge, Albert"]
[Black "Kendall, Arthur"]
[Result "1-0"]
[WhiteElo "1781"]
[BlackElo "2000"]
[WhiteFideId "343438857"]
[BlackFideId "343410960"]
[EventDate "2025.12.28"]

1. d4 Nf6 2. c4 g6 3. Nf3 Bg7 4. Nc3 O-O 5. e4 d6 6. Be2 e5 7. dxe5 dxe5 8. Qxd8
Rxd8 9. Nd5 Nxd5 10. cxd5 c6 11. Bg5 Re8 12. Bc4 cxd5 13. Bxd5 h6 14. Be3 Na6
15. Ke2 Nb4 16. Bb3 b6 17. Rac1 Ba6+ 18. Bc4 Bb7 19. Nd2 Rac8 20. f3 Bf8 21. a3
Nc6 22. Bb5 Red8 23. Nb1 Bc5 24. Bxc5 bxc5 25. Bxc6 Rxc6 26. Rhd1 Rd4 27. Ke1 f5
28. exf5 gxf5 29. Nd2 c4 30. Nxc4 Rcxc4 31. Rxc4 Rxc4 32. Rd8+ Kf7 33. Rd7+ Kf6
34. Rxb7 Rc2 35. Kf1 a5 36. Rb5 f4 37. h3 a4 38. Kg1 Rc1+ 39. Kh2 Rc2 40. Rb4
Kf5 41. h4 Rd2 42. Kh3 Rd4 43. Rb5 Rd1 44. Kh2 h5 45. Rb8 Rd2 46. Rf8+ Ke6 47.
Re8+ Kf6 48. Ra8 Rd4 49. Rh8 Rd2 50. Rh6+ Kg7 51. Rxh5 e4 52. fxe4 f3 53. Rg5+
Kh6 54. Kg1 f2+ 55. Kf1 Rxb2 56. Ra5 Rb8 57. Kxf2 Rc8 58. Rxa4 Rc1 59. Ra5 Rc3
60. g3 Rc8 61. Kf3 Re8 62. a4 Rg8 63. Rf5 Ra8 64. a5 Kg6 65. Kf4 Ra7 66. g4 Ra6
67. h5+ Kh6 68. g5+ Kh7 69. Rb5 Ra7 70. Kf5 Re7 71. a6 Re8 72. Rb7+ Kh8 73. a7
Rf8+ 74. Kg4 Rg8 75. Rb8 Rxb8 76. axb8=Q+ 1-0

[Event "Hastings Masters 2025-26"]
[Site "Hastings ENG"]
[Date "2026.01.02"]
[Round "9.33"]
[White "Brewer, Callum D"]
[Black "Swiatkowski, Dominik"]
[Result "1-0"]
[WhiteElo "2175"]
[BlackElo "1874"]
[WhiteFideId "435309"]
[BlackFideId "343415202"]
[EventDate "2025.12.28"]

1. e4 e5 2. Nf3 Nc6 3. Nc3 Nf6 4. h3 Bb4 5. Bd3 Bxc3 6. dxc3 h6 7. c4 d6 8. a3
a5 9. Be3 Be6 10. Qd2 Nd7 11. Qc3 Qe7 12. O-O-O Kd8 13. g4 Kc8 14. g5 hxg5 15.
Nxg5 f6 16. Nxe6 Qxe6 17. Rhg1 g5 18. Be2 b6 19. Bg4 Qe7 20. c5 Kb7 21. cxd6
cxd6 22. Rd5 Nc5 23. Rgd1 Rhd8 24. Qc4 Ne6 25. Bxe6 Qxe6 26. Bxb6 Qd7 27. Bxd8
Rxd8 28. Rb5+ Ka7 29. Qd5 Ka6 30. Rd3 Qc7 31. Rc3 Rc8 32. a4 Qd7 33. Rbc5 Kb6
34. Rb3+ Ka6 35. Rcb5 Qc7 36. Rb6+ Ka7 37. Qb5 1-0

[Event "Hastings Masters 2025-26"]
[Site "Hastings ENG"]
[Date "2026.01.02"]
[Round "9.34"]
[White "Kim, Changhoon"]
[Black "ONUOHA, Obioma"]
[Result "1-0"]
[WhiteTitle "CM"]
[WhiteElo "1874"]
[BlackElo "2056"]
[WhiteFideId "34117234"]
[BlackFideId "8505837"]
[EventDate "2025.12.28"]

1. d4 d5 2. c4 e6 3. Nf3 f5 4. g3 Nf6 5. Bg2 c6 6. O-O Bd6 7. Nc3 O-O 8. Qc2 Qe8
9. c5 Bc7 10. Bf4 Bxf4 11. gxf4 Qh5 12. e3 Nbd7 13. b4 Ng4 14. Ne2 Ndf6 15. Ng3
Qe8 16. a4 a6 17. Rfb1 Ne4 18. Nxe4 fxe4 19. Ne5 Nh6 20. Bf1 Bd7 21. Ra2 Nf5 22.
Qe2 Qe7 23. Rab2 Be8 24. Qg4 Nh4 25. b5 cxb5 26. axb5 a5 27. Bh3 Nf5 28. Bf1 Kh8
29. Kh1 Rf6 30. Qg5 Rh6 31. Qxe7 Nxe7 32. Ra2 Bh5 33. Rba1 Rf8 34. Rxa5 Bf3+ 35.
Bg2 Ng6 36. Ra8 Kg8 37. Rxf8+ Kxf8 38. c6 bxc6 39. b6 Nh4 40. Bxf3 exf3 41. b7 1-0

[Event "Hastings Masters 2025-26"]
[Site "Hastings ENG"]
[Date "2026.01.02"]
[Round "9.35"]
[White "Rubeck, Jonathan"]
[Black "Rayner, Francis"]
[Result "0-1"]
[WhiteElo "1913"]
[BlackElo "1983"]
[WhiteFideId "435678"]
[BlackFideId "1800132"]
[EventDate "2025.12.28"]

1. e4 c5 2. Nc3 Nc6 3. f4 g6 4. Nf3 Bg7 5. Bc4 e6 6. O-O Nge7 7. d3 O-O 8. Qe1
d5 9. Bb3 b5 10. a4 b4 11. Nd1 dxe4 12. dxe4 Ba6 13. Rf2 c4 14. Ba2 Rb8 15. c3
bxc3 16. bxc3 Na5 17. Ba3 Nb3 18. Rb1 Qc7 19. e5 Nc5 20. Rxb8 Rxb8 21. Nb2 Nd5
22. Nd4 Bf8 23. Nb5 Bxb5 24. axb5 Nd3 25. Nxd3 Bxa3 26. Nb4 Bxb4 27. cxb4 Rxb5
28. f5 gxf5 29. Re2 Rxb4 30. Qg3+ Kh8 31. h4 Qc5+ 32. Kh1 Qd4 33. Rf2 c3 34.
Bxd5 Qxh4+ 0-1

[Event "Hastings Masters 2025-26"]
[Site "Hastings ENG"]
[Date "2026.01.02"]
[Round "9.36"]
[White "Dewangan, Aayush"]
[Black "Ruane, Brendan J"]
[Result "1-0"]
[WhiteElo "1981"]
[BlackElo "1857"]
[WhiteFideId "469700"]
[BlackFideId "430218"]
[EventDate "2025.12.28"]

1. e4 e5 2. Nf3 Nc6 3. d4 exd4 4. Bc4 Nf6 5. e5 Ng4 6. O-O Be7 7. Re1 d6 8. exd6
cxd6 9. Nxd4 O-O 10. h3 Nge5 11. Bb3 Nxd4 12. Qxd4 Bxh3 13. Qe4 Bc8 14. Bf4 Ng6
15. Nc3 Nxf4 16. Qxf4 Bg5 17. Qg3 Bd2 18. Red1 Bxc3 19. bxc3 Bf5 20. Rxd6 Qe7
21. Rd5 Bg6 22. Rad1 Rad8 23. c4 b6 24. Qf4 h6 25. Qd4 Rc8 26. a4 Qe2 27. Re5 1-0

[Event "Hastings Masters 2025-26"]
[Site "Hastings ENG"]
[Date "2026.01.02"]
[Round "9.37"]
[White "Saxena, Advik"]
[Black "Rastogi, Nayan Keats"]
[Result "1/2-1/2"]
[WhiteElo "1806"]
[BlackElo "1939"]
[WhiteFideId "343423892"]
[BlackFideId "343407579"]
[EventDate "2025.12.28"]

1. d4 Nf6 2. c4 e6 3. Nf3 d5 4. g3 dxc4 5. Bg2 a6 6. O-O Nc6 7. Be3 Bd7 8. b3
cxb3 9. Qxb3 Nd5 10. Bg5 Be7 11. Bxe7 Qxe7 12. e4 Nb6 13. d5 Na5 14. Qc3 Nac4
15. Nfd2 Qf6 16. Qxf6 gxf6 17. Nxc4 Nxc4 18. Rc1 b5 19. e5 Ra7 20. dxe6 fxe6 21.
exf6 Rf8 22. Nc3 Rxf6 23. Ne4 Rf5 24. Rd1 Ke7 25. g4 Rf4 26. h3 Nd6 27. Ng5 h6
28. Nf3 Nc4 29. Nh4 Rf7 30. Ng6+ Kf6 31. Nf4 c5 32. Re1 Na3 33. Rad1 Nc2 34.
Nh5+ Ke7 1/2-1/2

[Event "Hastings Masters 2025-26"]
[Site "Hastings ENG"]
[Date "2026.01.02"]
[Round "9.38"]
[White "Swiatkowski, Aram"]
[Black "Saxena, Reyansh"]
[Result "0-1"]
[WhiteElo "1843"]
[BlackElo "1641"]
[WhiteFideId "343415210"]
[BlackFideId "343423884"]
[EventDate "2025.12.28"]

1. e4 e6 2. b3 d5 3. Bb2 dxe4 4. Nc3 Nf6 5. Qe2 Be7 6. Nxe4 O-O 7. O-O-O a5 8.
a4 c6 9. g4 b5 10. axb5 a4 11. bxa4 Rxa4 12. d4 cxb5 13. Nc5 Rb4 14. Bc3 Qa5 15.
Bxb4 Qa1+ 16. Kd2 Qxd4+ 17. Kc1 Qxb4 18. Nb3 Ne4 19. Rd3 Bg5+ 20. Kb1 Nc3+ 21.
Rxc3 Qxc3 22. Qd3 Qe1+ 23. Ka2 Bb7 24. Nf3 Bxf3 25. Qxf3 Na6 26. Bxb5 Nb4+ 27.
Kb2 Bf6+ 28. c3 Qe5 29. Be2 Nd5 30. Rc1 Rc8 31. Nd4 Nxc3 32. Nc6 Qxe2+ 0-1

[Event "Hastings Masters 2025-26"]
[Site "Hastings ENG"]
[Date "2026.01.02"]
[Round "9.39"]
[White "Hu, Junyan"]
[Black "Balzer, Lars"]
[Result "1-0"]
[WhiteElo "1862"]
[BlackElo "2026"]
[WhiteFideId "343401260"]
[BlackFideId "4646452"]
[EventDate "2025.12.28"]

1. e4 c6 2. d4 d5 3. exd5 cxd5 4. Bd3 Nc6 5. c3 g6 6. Nf3 Bf5 7. Bxf5 gxf5 8.
Bf4 Nf6 9. Ne5 e6 10. O-O Bd6 11. Re1 O-O 12. Bg5 Be7 13. Qe2 Nxe5 14. Qxe5 Ng4
15. Bxe7 Qxe7 16. Qf4 Qf6 17. h3 Qh6 18. Qg3 Kh8 19. hxg4 Rg8 20. Qe3 Qh4 21.
Qe5+ f6 22. Qg3 Qh6 23. Qh3 Qf4 24. Qf3 Qg5 25. Na3 fxg4 26. Qe3 Qh5 27. Qxe6
Rg6 28. Qf7 Qh4 29. g3 Qg5 30. Re7 Rh6 31. Rae1 1-0

[Event "Hastings Masters 2025-26"]
[Site "Hastings ENG"]
[Date "2026.01.02"]
[Round "9.40"]
[White "Sciupokas, Arunas"]
[Black "Ratcliffe, James"]
[Result "1-0"]
[WhiteElo "1990"]
[BlackElo "1845"]
[WhiteFideId "12803693"]
[BlackFideId "343432840"]
[EventDate "2025.12.28"]

1. e4 c5 2. c3 Nf6 3. e5 Nd5 4. d4 cxd4 5. cxd4 b6 6. Nf3 e6 7. a3 Be7 8. Bd3
O-O 9. Qe2 Bb7 10. Qe4 g6 11. Bh6 Qc7 12. Qe2 Rd8 13. O-O Nc6 14. Rc1 d6 15. Nc3
Nxc3 16. Rxc3 d5 17. Rac1 a6 18. h4 b5 19. h5 Qb6 20. Qe3 Rdc8 21. Qf4 Qd8 22.
hxg6 hxg6 23. Bg5 b4 24. Bxe7 Qxe7 25. axb4 Nxb4 26. Bb1 Rxc3 27. Rxc3 Kg7 28.
Qc1 Qe8 29. Qg5 Qd8 30. Qd2 a5 31. Ng5 Ba6 32. Rh3 Qg8 33. Qf4 Ra7 34. Nxe6+ 1-0

[Event "Hastings Masters 2025-26"]
[Site "Hastings ENG"]
[Date "2026.01.02"]
[Round "9.41"]
[White "Chapman, Luke"]
[Black "Bharat Kumar, Balahari"]
[Result "0-1"]
[WhiteElo "1976"]
[BlackElo "2068"]
[WhiteFideId "343416608"]
[BlackFideId "496464"]
[EventDate "2025.12.28"]

1. e4 c5 2. Nf3 d6 3. d4 cxd4 4. Nxd4 Nf6 5. Nc3 a6 6. Rg1 b5 7. a4 b4 8. Nd5 e6
9. Nxf6+ Qxf6 10. g4 Bb7 11. Bg2 Nd7 12. g5 Qd8 13. h4 Be7 14. b3 Nc5 15. Qe2 g6
16. Qe3 e5 17. Ne2 h6 18. f4 hxg5 19. hxg5 exf4 20. Qxf4 Ne6 21. Qg3 Bxg5 22.
Bxg5 Qxg5 23. Qxg5 Nxg5 24. O-O-O O-O-O 25. Rd4 a5 26. Nf4 Rh4 27. Nd5 Ne6 28.
Rc4+ Nc5 29. e5 Rxc4 30. Nb6+ Kc7 31. Nxc4 d5 32. Nxa5 Ba8 33. Rd1 Kb6 34. Nc4+
dxc4 35. Rxd8 Bxg2 36. Rb8+ Kc7 37. Rxb4 cxb3 38. Rc4 Kb6 39. cxb3 Nxb3+ 40. Kb2
Nc5 41. Rd4 Bc6 42. Rd6 Nxa4+ 43. Kc2 Kc7 44. e6 Kxd6 45. exf7 Ke7 0-1

[Event "Hastings Masters 2025-26"]
[Site "Hastings ENG"]
[Date "2026.01.02"]
[Round "9.42"]
[White "Gibson, Christopher A"]
[Black "Vaidyanathan, Sathya"]
[Result "1-0"]
[WhiteElo "1887"]
[BlackElo "1842"]
[WhiteFideId "414697"]
[BlackFideId "490539"]
[EventDate "2025.12.28"]

1. e4 e5 2. Nf3 Nc6 3. Bc4 Nf6 4. d3 Bc5 5. O-O d6 6. c3 a5 7. Re1 Ba7 8. Nbd2
O-O 9. Nf1 Be6 10. Bb5 Ne7 11. d4 c6 12. Bd3 exd4 13. cxd4 Bg4 14. e5 Nfd5 15.
Ne3 Nxe3 16. Bxe3 Bxf3 17. Qxf3 dxe5 18. Qe4 Ng6 19. dxe5 Re8 20. f4 Qd5 21.
Bxa7 Qxe4 22. Bxe4 Rxa7 23. g3 Raa8 24. Rad1 Rad8 25. Bf3 Kf8 26. Kf2 Ke7 27.
Bg4 Rxd1 28. Rxd1 Rd8 29. Rxd8 Kxd8 30. Ke3 Ne7 31. Bf3 Kd7 32. g4 g6 33. g5 Ke6
34. Ke4 Nd5 35. Bg4+ Ke7 36. f5 Nb6 37. f6+ Kf8 38. e6 fxe6 39. Bxe6 Na4 40. Bc8
b6 41. Ke5 Nxb2 42. Kd6 c5 43. Kd5 Nd3 44. Kc4 Ne5+ 45. Kd5 Nf3 46. Ba6 Nxh2 47.
Be2 Kf7 48. Kc6 Kf8 49. Kxb6 c4 50. Bxc4 Nf3 51. Kxa5 Nxg5 52. Bd5 h5 53. Kb6
Nh7 54. a4 Nxf6 55. Bc6 h4 56. a5 Ng8 57. a6 Ne7 58. Bb7 h3 59. a7 1-0

[Event "Hastings Masters 2025-26"]
[Site "Hastings ENG"]
[Date "2026.01.02"]
[Round "9.43"]
[White "Vaddhireddy, Sai"]
[Black "Wilson, Matthew R"]
[Result "1-0"]
[WhiteElo "1960"]
[BlackElo "1772"]
[WhiteFideId "499560"]
[BlackFideId "423459"]
[EventDate "2025.12.28"]

1. d4 d5 2. c4 e6 3. Nf3 Nf6 4. g3 Bb4+ 5. Nbd2 a5 6. Bg2 O-O 7. O-O b6 8. a3
Be7 9. Qc2 Bb7 10. cxd5 Bxd5 11. e4 Bb7 12. e5 Nd5 13. Ne4 h6 14. Bd2 Na6 15.
Rad1 Rc8 16. Qc1 f5 17. exf6 Nxf6 18. Nxf6+ Rxf6 19. Ne5 Bxg2 20. Kxg2 Qxd4 21.
Bf4 Qc5 22. Nd7 Qxc1 23. Nxf6+ Bxf6 24. Bxc1 Nc5 25. b4 axb4 26. axb4 Nb3 27.
Be3 c5 28. Rb1 Nd4 29. bxc5 bxc5 30. Rfc1 Rc7 31. Rc4 e5 32. Rbc1 Kf7 33. Rxc5
Rxc5 34. Rxc5 Nf5 35. Bd2 h5 36. Rc6 Nd4 37. Ra6 Nf5 38. Kf3 Nd4+ 39. Ke4 Ne6
40. Be3 h4 41. gxh4 Bxh4 42. Kxe5 Bf6+ 43. Kf5 g6+ 44. Ke4 Bg5 45. Rxe6 Bxe3 46.
fxe3 Kxe6 47. Kf4 Kf6 48. h4 1-0

[Event "Hastings Masters 2025-26"]
[Site "Hastings ENG"]
[Date "2026.01.02"]
[Round "9.44"]
[White "Freeman, Luke"]
[Black "Gupta, Aditya"]
[Result "1-0"]
[WhiteElo "1867"]
[BlackElo "1808"]
[WhiteFideId "343411959"]
[BlackFideId "343418643"]
[EventDate "2025.12.28"]

1. e4 c5 2. Nf3 d6 3. Bb5+ Bd7 4. Bxd7+ Qxd7 5. c4 Nc6 6. d4 cxd4 7. Nxd4 Nf6 8.
Nc3 g6 9. f3 Bg7 10. Be3 O-O 11. O-O a6 12. Qd3 Rfc8 13. b3 Rab8 14. Nxc6 Qxc6
15. Rac1 b6 16. Rfd1 Qb7 17. a4 Nd7 18. h3 Bxc3 19. Rxc3 Nc5 20. Qc2 b5 21. cxb5
axb5 22. axb5 Qxb5 23. Rb1 Qd7 24. Rc1 Rb4 25. Rd1 Qe6 26. Rd5 f5 27. Bxc5 dxc5
28. Rcxc5 Rxc5 29. Qxc5 Rxb3 30. exf5 gxf5 31. Rxf5 Qb6 32. Qxb6 Rxb6 33. Kf2
Kg7 34. g4 Kg6 35. Kg3 e6 36. Rc5 Rb3 37. Rc6 Re3 38. Kf4 Re1 39. Rc5 Kf6 40.
Rh5 e5+ 41. Kg3 Kg6 42. Kf2 Rh1 43. Rxe5 Rxh3 44. Kg2 Rh4 45. Re1 h5 46. Kg3 1-0

[Event "Hastings Masters 2025-26"]
[Site "Hastings ENG"]
[Date "2026.01.02"]
[Round "9.45"]
[White "Butt, Laurence"]
[Black "Prince, Alan R"]
[Result "0-1"]
[WhiteElo "1790"]
[BlackElo "1803"]
[WhiteFideId "440884"]
[BlackFideId "2402165"]
[EventDate "2025.12.28"]

1. d4 Nf6 2. Bg5 e6 3. e4 Be7 4. e5 Nd5 5. h4 c5 6. Bxe7 Qxe7 7. Qg4 O-O 8. Bd3
f5 9. Qg3 cxd4 10. Nd2 Nc6 11. Ngf3 Ndb4 12. h5 Nxd3+ 13. cxd3 h6 14. Rc1 b5 15.
Rh4 Bb7 16. Nxd4 Nxd4 17. Rxd4 Rac8 18. Rxc8 Rxc8 19. Kd1 Bd5 20. b3 Qa3 21. Qg6
Qc5 22. Rf4 Qc3 23. d4 Qc2+ 24. Ke2 Be4 25. Rxe4 fxe4 26. Qg3 Qxa2 27. Qg6 Qc2
28. Qg3 Rc3 29. Qh4 Qd3+ 30. Kd1 Rc8 31. Qxe4 Qxe4 32. Nxe4 Kf8 33. Kd2 Ke7 34.
f4 b4 35. g4 Rc6 36. f5 exf5 37. gxf5 Ra6 38. Kd3 Ra1 39. f6+ gxf6 40. Nxf6 Ke6
41. Ke4 Re1+ 42. Kd3 d6 43. Ng4 dxe5 44. dxe5 Rh1 45. Nxh6 Rxh5 46. Ng4 Rh3+ 47.
Kc2 Rg3 48. Nf6 Kxe5 49. Nd7+ Kd4 50. Kb2 Rg7 51. Nb8 Rg2+ 52. Kb1 Kc3 53. Nc6
Kxb3 54. Nd4+ Kc4 0-1

[Event "Hastings Masters 2025-26"]
[Site "Hastings ENG"]
[Date "2026.01.02"]
[Round "9.46"]
[White "Halas, Kim Aleksander"]
[Black "Napolitano, Domenico"]
[Result "0-1"]
[WhiteElo "1729"]
[BlackElo "1863"]
[WhiteFideId "1546074"]
[BlackFideId "456993"]
[EventDate "2025.12.28"]

1. d4 d5 2. c4 Nc6 3. Nf3 Bg4 4. Nc3 Nf6 5. cxd5 Nxd5 6. e4 Bxf3 7. gxf3 Nxc3 8.
bxc3 e5 9. d5 Nb8 10. Qb3 Bc5 11. Qb5+ Nd7 12. h4 a6 13. Qxb7 O-O 14. Bg5 f6 15.
Bc1 f5 16. Bg5 Qe8 17. exf5 e4 18. f4 e3 19. Bd3 exf2+ 20. Kf1 Qe3 21. Bxa6 Rae8
22. Qb1 Qf3 23. Rh2 Re1+ 24. Qxe1 fxe1=Q+ 0-1

[Event "Hastings Masters 2025-26"]
[Site "Hastings ENG"]
[Date "2026.01.02"]
[Round "9.47"]
[White "Varney, Zoe"]
[Black "Siddhartha Shankar Srivastava"]
[Result "1-0"]
[WhiteTitle "WFM"]
[WhiteElo "2053"]
[BlackElo "1589"]
[WhiteFideId "436135"]
[BlackFideId "25780590"]
[EventDate "2025.12.28"]

1. e4 c5 2. Nf3 e6 3. d4 cxd4 4. Nxd4 Nf6 5. Nc3 Bb4 6. e5 Nd5 7. Qg4 g6 8. Nb5
a6 9. Nd6+ Bxd6 10. exd6 Nxc3 11. Qd4 O-O 12. Bh6 f6 13. Bxf8 Qxf8 14. Qxc3 Nc6
15. O-O-O b5 16. h4 Bb7 17. h5 g5 18. Qg3 e5 19. Bd3 Qf7 20. Be4 Na5 21. Bxb7
Nxb7 22. Qf3 Rb8 23. Kb1 Nc5 24. Rhe1 Rc8 25. Re3 Rc6 26. Rc3 b4 27. Qxc6 dxc6
28. Rxc5 Qd7 29. Rxc6 1-0